| 000 | 00418nam a2200097Ia 4500 | ||
|---|---|---|---|
| 008 | 241105s9999 xx 000 0 und d | ||
| 041 | _aeng | ||
| 100 |
_aBhagwat Namrata _9182653 |
||
| 245 | _aStudy On Achieving Thermal Comfort With Low Cooling Energy Demand In Multi Storeyed Atriums Of Shopping Malls In Pune : Means Of Alternative Ventilation Strategies And Passive Design | ||
| 260 |
_bM.Arch Environmental, Pune _c2014 |
||
| 999 |
_c360944 _d360944 |
||